Tripple bagging cowpea effect on market power of producers in the north of Burkina Faso (notice n° 1840993)

détails MARC
000 -LEADER
fixed length control field 01299cam a2200169 4500500
005 - DATE AND TIME OF LATEST TRANSACTION
control field 20260329005156.0
041 ## - LANGUAGE CODE
Language code of text/sound track or separate title fre
042 ## - AUTHENTICATION CODE
Authentication code dc
100 10 - MAIN ENTRY--PERSONAL NAME
Personal name Zongo, Issa
Relator term author
245 00 - TITLE STATEMENT
Title Tripple bagging cowpea effect on market power of producers in the north of Burkina Faso
260 ## - PUBLICATION, DISTRIBUTION, ETC.
Date of publication, distribution, etc. 2025.<br/>
500 ## - GENERAL NOTE
General note 91
520 ## - SUMMARY, ETC.
Summary, etc. Triple bottom bags (or PICS bags) have brought much hope to West African countries for the conservation of agricultural products. Yet they struggle to spread because technical innovation is not accompanied by sufficient organizational and social change. Using several statistical, econometric and accounting analyses, the authors show that access to PICS bags to store cowpea in the northern region of Burkina Faso is part of a set of conditionalities such as access to credit, organizing groups for collective sales or seeking new outlets. These related innovations combine to give cowpea producers the ability to better negotiate their selling prices, improving their market power and consequently their incomes. (JEL: C01, D51, O13, O33).
700 10 - ADDED ENTRY--PERSONAL NAME
Personal name Dabat-Partiot,
Relator term author
786 0# - DATA SOURCE ENTRY
Note Économie rurale | 394 | 4 | 2025-11-21 | p. 75-92 | 0013-0559
856 41 - ELECTRONIC LOCATION AND ACCESS
Uniform Resource Identifier <a href="https://shs.cairn.info/journal-economie-rurale-2025-4-page-75?lang=en&redirect-ssocas=7080">https://shs.cairn.info/journal-economie-rurale-2025-4-page-75?lang=en&redirect-ssocas=7080</a>

Pas d'exemplaire disponible.

PLUDOC

PLUDOC est la plateforme unique et centralisée de gestion des bibliothèques physiques et numériques de Guinée administré par le CEDUST. Elle est la plus grande base de données de ressources documentaires pour les Étudiants, Enseignants chercheurs et Chercheurs de Guinée.

Adresse

627 919 101/664 919 101

25 boulevard du commerce
Kaloum, Conakry, Guinée

Réseaux sociaux

Powered by Netsen Group @ 2025